00753 2200289 4500001002100000005001500021035002000036007000300056040001700059100002600076245004600102250001000148300003600158020002200194041000800216082000800224084001400232090002000246264003500266336002100301337003000322338002300352650001900375850001000394008004100404990001800445INLIS00000000000865820260518115319 a0010-1022000033ta aSBPUPADbind0 aYoli HemdiePengarang1 aAwasi Benda Benda Berbahaya /cYoli Hemdi acet.1 a24 hlm :bilus. ;c14,5x20,5 cm a978-979-063-146-5 aind a813 a813 YOL a a813 YOL a 24-12 aJakarta :bZikrul Hakim,c2010 2rdacontentateks 2rdamediaatanpa perantara 2rdacarrieravolume 4aBuku Anak Anak aPUPAD260518 1  a13623/BR-2010